|
|
|
|
| LEADER |
01188nam a22002777a 4500 |
| 001 |
36076 |
| 003 |
BD-DhAAL |
| 008 |
211101t1997 bg ||||| b||| 00| 0 ben d |
| 999 |
|
|
|c 43302
|d 43302
|
| 020 |
|
|
|a 894073530X
|
| 040 |
|
|
|a BD-DhAAL
|
| 041 |
|
|
|a ben
|
| 082 |
|
|
|a 410
|2 23
|
| 100 |
|
|
|a সিরাজ, কাজী
|9 42308
|
| 245 |
|
|
|a আধুনিক ভাষাবিজ্ঞান /
|c কাজী সিরাজ
|
| 246 |
|
|
|a Adhunik bhasabijnan
|
| 246 |
|
|
|a A philological analysis of Bengali language
|
| 260 |
|
|
|a ঢাকা :
|b বাংলা একাডেমী,
|c ১৯৯৭
|
| 300 |
|
|
|a [ছয়], ২১৪ পৃষ্ঠা ;
|b ২২ সে.মি.
|
| 504 |
|
|
|a গ্রন্থপঞ্জী অন্তর্ভুক্ত [পৃষ্ঠা ২১৫]।
|
| 526 |
|
|
|a BIED
|
| 541 |
|
|
|a Complimentary copy from BIED.
|e 36076
|
| 650 |
|
|
|a Linguistics.
|9 42309
|
| 852 |
|
|
|a Ayesha Abed Library
|c General Stacks
|
| 942 |
|
|
|2 ddc
|c BK
|
| 952 |
|
|
|0 0
|1 0
|2 ddc
|4 0
|6 410_000000000000000_SIR
|7 0
|9 69460
|a BRACUL
|b BRACUL
|c GEN
|d 2021-11-01
|e Complimentary copy from BIED
|l 0
|o 410 SIR
|p 3010036076
|r 2021-11-01
|t 1
|w 2021-11-01
|y BK
|x Transferred from BIED to General Stacks
|